El regalo de la abuela: poemas de Gabriela Mistral. Lectura y comentarios
Saved in:
| Hovedforfatter: | |
|---|---|
| Andre forfattere: | |
| Format: | Bog |
| Sprog: | spansk |
| Udgivet: |
Santiago
Ediciones PUC
2012
|
| Fag: | |
| Tags: |
Tilføj Tag
Ingen Tags, Vær først til at tagge denne postø!
|
MARC
| LEADER | 00000cam a2200000 a 4500 | ||
|---|---|---|---|
| 001 | UCF4861 | ||
| 003 | CL-VaPUC | ||
| 005 | 20241016095656.0 | ||
| 008 | 130103e20120000CL |||||||||||||||||spa|d | ||
| 999 | |c 350549 |d 350547 | ||
| 020 | |a 9789561412958 | ||
| 040 | |c Pontificia Universidad Católica de Valparaíso | ||
| 082 | 0 | 4 | |a Ch861 |b CUN |2 21 |
| 100 | 0 | |a Cuneo Macchiavello, Ana María |e author |9 566535 | |
| 245 | 1 | 3 | |a El regalo de la abuela: poemas de Gabriela Mistral. Lectura y comentarios |
| 260 | |a Santiago |b Ediciones PUC |c 2012 | ||
| 300 | |a 79 p | ||
| 500 | |a Incluye CD | ||
| 583 | |a last modification |c 20130103 11:06:00 |k Rodrigo Vera | ||
| 600 | 0 | |a Mistral, Gabriela, |d 1889-1957 |e autora |q Godoy Alcayaga, Lucila |9 866296 | |
| 650 | 0 | |a Poesía chilena |9 268403 | |
| 650 | 0 | |a Literatura chilena |9 308278 | |
| 650 | 0 | |a Crítica e interpretación |9 255042 | |
| 700 | |a Lira Larraín, María Luz |e autora |9 566536 | ||
| 942 | |c BK |2 ddc | ||
| 945 | |d 20130103 00:00:00 |a dcastane | ||
| 952 | |0 0 |1 0 |4 0 |6 CH_861_000000000000000_CUN_2012 |7 0 |8 A |9 453974 |a BIBEDU |b BIBEDU |d 2019-11-22 |i 4937570 |o Ch861 CUN 2012 |p 4937570 |r 2019-11-22 |w 2019-11-22 |y BK |k EPE | ||
| 952 | |0 0 |1 0 |4 0 |6 CH_861_000000000000000_CUN_2012 |7 0 |8 A |9 453975 |a BIBEDU |b BIBEDU |d 2019-11-22 |i 4937589 |l 1 |o Ch861 CUN 2012 |p 4937589 |r 2023-09-04 |s 2023-08-29 |w 2019-11-22 |y BK |k EPE | ||